| 000 | 00601nam a22001817b 4500 | ||
|---|---|---|---|
| 003 | 3228 | ||
| 005 | 20250922154741.0 | ||
| 008 | 250922b sa ||||| |||| 00| 0 eng d | ||
| 020 | _a9780552176484 (paperback) | ||
| 040 |
_aMPL _bEnglish _c3228 _erda |
||
| 041 | _aEnglish | ||
| 082 | 0 | _a796.4209 BUTT | |
| 100 |
_9196723 _aButter, Nick _eAuthor |
||
| 245 |
_aRunning the world : _bmy world-record-breaking adventure to run a marathon in every country on earth / _cNick Butter |
||
| 260 |
_aLondon : _bPenguin Random House ; _c2023 |
||
| 300 |
_a448 pages ; _billustrations ; _c20 cm |
||
| 942 |
_2ddc _cBOOK _w242 _xNelisiwe Ngobeni _y242 _zNelisiwe Ngobeni |
||
| 999 |
_c786347 _d786346 |
||